| 000 | 00661nam a2200229 i 4500 | ||
|---|---|---|---|
| 001 | 6936 | ||
| 003 | ES-MaACL | ||
| 005 | 20250717045848.0 | ||
| 007 | t| | ||
| 008 | 900713s1989 sp ||||1| spa d | ||
| 020 | _a84-345-8417-4 | ||
| 080 | _a523.12 | ||
| 100 | 1 |
_aAtkins, Peter W. _923747 |
|
| 245 | 1 | 3 |
_aLa Creación / _cPeter W. Atkins. |
| 260 |
_aBarcelona : _bSalvat, _c1989. |
||
| 300 |
_aVIII, 156 p. ; _c19 cm. |
||
| 490 | 1 |
_aBiblioteca científica Salvat ; _v54 |
|
| 650 | 1 | 7 |
_aCosmogonía _2embne _911387 |
| 830 | 0 |
_aBiblioteca científica Salvat ; _v54 _9177703 |
|
| 852 |
_aES-MaACL _jL-14139 _bR.117727 _z. - rust. |
||
| 999 |
_c6936 _d6936 |
||